Sistema Nacional de Supervisión Educativa (SNSE) (Record no. 8292)

MARC details
000 -LEADER
campo de control de longitud fija 00417nam a2200133Ia 4500
001 - NÚMERO DE CONTROL
campo de control 3058
008 - DATOS DE LONGITUD FIJA--INFORMACIÓN GENERAL
campo de control de longitud fija 241024s9999 xx 000 0 und d
082 ## - NÚMERO DE LA CLASIFICACIÓN DECIMAL DEWEY
Número de clasificación RD/379.155/R426s/2013
100 ## - ENTRADA PRINCIPAL--NOMBRE DE PERSONA
Nombre de persona República Dominicana.Ministerio de Educación. MINERD
245 #0 - MENCIÓN DEL TÍTULO
Título Sistema Nacional de Supervisión Educativa (SNSE)
260 ## - PUBLICACIÓN, DISTRIBUCIÓN, ETC.
Nombre del editor, distribuidor, etc. República Dominicana.Santo Domingo
Fecha de publicación, distribución, etc. 2013
901 ## - ELEMENTOS DE DATOS A LOCAL LDA (RLIN)
a 23/7/2013 12:37:21 p.m.

No items available.

© 2024. Todos los Derechos Reservados. Desarrollado por IDEICE